[Event "European Team-ch 2007 Femenino"]
[Site "Creta GRE"]
[Date "2007.11.05"]
[Round "8.14"]
[White "Rantanen, Tanja"]
[Black "Markantonaki, Haritomeni"]
[Result "1-0"]
[WhiteElo "2089"]
[BlackElo "2161"]
[PlyCount "65"]
[EventDate "2007.10.28"]
[EventType "team"]
[EventRounds "9"]
[EventCountry "GRE"]
[Source "lmi"]
[SourceDate "2007.10.28"]
[WhiteTeam "Finland"]
[BlackTeam "GRE2"]
[WhiteTeamCountry "FIN"]

1. e4 e5 2. Nf3 Nc6 3. Nc3 Nf6 4. d4 exd4 5. Nxd4 Bb4 6. Nxc6 bxc6 7. Bd3 d5 8.
exd5 cxd5 9. O-O O-O 10. Bg5 c6 11. Qf3 Be7 12. h3 Be6 13. Ne2 c5 14. Rfd1 Qb6
15. b3 h6 16. Bh4 Qb4 17. Nf4 Rae8 18. c3 Qb7 19. Bxf6 Bxf6 20. Bc4 Bxc3 21.
Bxd5 Qb4 22. a3 Qa5 23. b4 cxb4 24. axb4 Qxa1 25. Rxa1 Bxa1 26. Bc6 Rb8 27. Qe4
Bc8 28. Bd5 Ba6 29. Ng6 Rfe8 30. Qf4 Kh7 31. Bxf7 Re1+ 32. Kh2 Rb6 33. Qf5 1-0

[Event "European Team-ch 2007 Femenino"]
[Site "Creta GRE"]
[Date "2007.11.05"]
[Round "8.14"]
[White "Petraki, Maria"]
[Black "Puuska, Heini"]
[Result "1/2-1/2"]
[WhiteElo "2099"]
[BlackElo "2016"]
[PlyCount "100"]
[EventDate "2007.10.28"]
[EventType "team"]
[EventRounds "9"]
[EventCountry "GRE"]
[Source "lmi"]
[SourceDate "2007.10.28"]
[WhiteTeam "GRE2"]
[BlackTeam "Finland"]
[BlackTeamCountry "FIN"]

1. e4 e6 2. Qe2 e5 3. Nf3 Nc6 4. d3 Nf6 5. g3 d6 6. Bg2 Bg4 7. c3 Be7 8. h3 Bh5
9. Nbd2 O-O 10. O-O Re8 11. Re1 Bf8 12. Nf1 d5 13. Qc2 Bxf3 14. Bxf3 d4 15. Bg2
Nd7 16. Nh2 Nc5 17. b4 Ne6 18. b5 Nb8 19. c4 Nd7 20. f4 f6 21. Rf1 Nec5 22. Bd2
a5 23. Rf2 b6 24. Raf1 Bd6 25. Nf3 Qe7 26. Nh4 g6 27. Nf3 Rf8 28. Bc1 Rae8 29.
Qd1 Qg7 30. h4 Ne6 31. Ne1 Nec5 32. Bh3 Kh8 33. Rg2 Rg8 34. h5 gxh5 35. Qxh5
Qg6 36. Qf3 Qf7 37. Bg4 Rg7 38. Bh5 Qe7 39. Bxe8 Qxe8 40. f5 Bf8 41. Rh2 Bd6
42. Kf2 Nf8 43. Rfh1 Ncd7 44. g4 Be7 45. Rh6 Kg8 46. g5 fxg5 47. Qg3 g4 48.
R6h2 Bg5 49. Bxg5 Rxg5 50. Rh4 Nf6 1/2-1/2

[Event "European Team-ch 2007 Femenino"]
[Site "Creta GRE"]
[Date "2007.11.05"]
[Round "8.14"]
[White "Savola, Laura"]
[Black "Pavlidou, Ekaterini"]
[Result "0-1"]
[WhiteElo "2040"]
[BlackElo "2003"]
[PlyCount "62"]
[EventDate "2007.10.28"]
[EventType "team"]
[EventRounds "9"]
[EventCountry "GRE"]
[Source "lmi"]
[SourceDate "2007.10.28"]
[WhiteTeam "Finland"]
[BlackTeam "GRE2"]
[WhiteTeamCountry "FIN"]

1. d4 Nf6 2. c4 e6 3. Nf3 b6 4. e3 Bb7 5. Bd3 Be7 6. O-O O-O 7. b3 Ne4 8. Bb2
f5 9. Nc3 d6 10. Ne2 Qe8 11. Nd2 Nd7 12. Nf4 Bf6 13. Bxe4 fxe4 14. Qg4 Nc5 15.
Rab1 e5 16. Nh5 exd4 17. Bxd4 Bc8 18. Qe2 Be5 19. b4 Qg6 20. bxc5 Bg4 21. Qe1
Bxh5 22. Bxe5 dxe5 23. cxb6 axb6 24. Rb5 Bf3 25. Nxf3 exf3 26. g3 Qf5 27. Kh1
Rf6 28. Qd1 Qh3 29. Qd5+ Kf8 30. Qxa8+ Kf7 31. Rg1 Qxh2+ 0-1

[Event "European Team-ch 2007 Femenino"]
[Site "Creta GRE"]
[Date "2007.11.06"]
[Round "9.1"]
[White "Kosintseva, Tatiana"]
[Black "Zhukova, Natalia"]
[Result "1-0"]
[WhiteElo "2492"]
[BlackElo "2452"]
[PlyCount "115"]
[EventDate "2007.10.28"]
[EventType "team"]
[EventRounds "9"]
[EventCountry "GRE"]
[Source "lmi"]
[SourceDate "2007.10.28"]
[WhiteTeam "Russia"]
[BlackTeam "Ukraine"]
[WhiteTeamCountry "RUS"]
[BlackTeamCountry "UKR"]

1. e4 e6 2. d4 d5 3. Nc3 Bb4 4. e5 c5 5. a3 Bxc3+ 6. bxc3 Ne7 7. Qg4 O-O 8. Bd3
f5 9. exf6 Rxf6 10. Bg5 Rf7 11. Qh5 g6 12. Qd1 Nbc6 13. Nf3 Qf8 14. O-O c4 15.
Be2 h6 16. Bc1 Bd7 17. a4 Kh7 18. h3 Nf5 19. Ba3 Qb8 20. Qd2 Nd6 21. Bc1 g5 22.
Ne5 Nxe5 23. dxe5 Nf5 24. f4 Rg7 25. Bg4 Qc7 26. fxg5 Rxg5 27. Qf2 Rg6 28. Bh5
Rg7 29. Qf4 Rag8 30. g4 Rg5 31. Kh2 Rxh5 32. gxh5 Be8 33. Be3 Qf7 34. Rg1 Rxg1
35. Rxg1 Qxh5 36. Bxa7 Bxa4 37. Qg4 Qxg4 38. hxg4 Nh4 39. Rf1 Kg7 40. Kg3 Ng6
41. Rb1 Bc6 42. Be3 d4 43. cxd4 Ne7 44. c3 Kg6 45. Bd2 h5 46. Rf1 Nd5 47. g5
Kg7 48. Kh4 Be8 49. Rb1 b5 50. Ra1 Kg6 51. Ra8 Bc6 52. Rg8+ Kf7 53. Rc8 Bd7 54.
Rh8 b4 55. Rh7+ Ke8 56. g6 bxc3 57. Rh8+ Ke7 58. Bg5+ 1-0

[Event "European Team-ch 2007 Femenino"]
[Site "Creta GRE"]
[Date "2007.11.06"]
[Round "9.1"]
[White "Gaponenko, Inna"]
[Black "Kosintseva, Nadezhda"]
[Result "1/2-1/2"]
[WhiteElo "2440"]
[BlackElo "2469"]
[PlyCount "87"]
[EventDate "2007.10.28"]
[EventType "team"]
[EventRounds "9"]
[EventCountry "GRE"]
[Source "lmi"]
[SourceDate "2007.10.28"]
[WhiteTeam "Ukraine"]
[BlackTeam "Russia"]
[WhiteTeamCountry "UKR"]
[BlackTeamCountry "RUS"]

1. c4 c5 2. Nf3 Nc6 3. d4 cxd4 4. Nxd4 g6 5. e4 Bg7 6. Be3 Nf6 7. Nc3 O-O 8.
Be2 d6 9. O-O Bd7 10. Nc2 a5 11. f3 Nb4 12. Na3 Bc6 13. Nab5 Nd7 14. a3 Na6 15.
Rb1 Nc7 16. Nd4 Ne6 17. b4 axb4 18. axb4 Nxd4 19. Bxd4 Bxd4+ 20. Qxd4 Qb6 21.
Qxb6 Nxb6 22. Rfc1 Rfc8 23. Nd1 Kf8 24. Nf2 Be8 25. c5 dxc5 26. bxc5 Na4 27.
Rxb7 Nxc5 28. Rbb1 Na4 29. Rxc8 Rxc8 30. Ra1 Nc3 31. Bf1 Nb5 32. Rd1 f6 33. Ng4
Nc3 34. Ra1 Bd7 35. Ne3 Be6 36. Kf2 Kf7 37. Ke1 Na2 38. Rb1 Rc1+ 39. Rxc1 Nxc1
40. Kd2 Nb3+ 41. Kc3 Nc5 42. Kd4 Nb3+ 43. Kc3 Nc5 44. Kd4 1/2-1/2

[Event "European Team-ch 2007 Femenino"]
[Site "Creta GRE"]
[Date "2007.11.06"]
[Round "9.1"]
[White "Korbut, Ekaterina"]
[Black "Vasilevich, Tatjana"]
[Result "1/2-1/2"]
[WhiteElo "2443"]
[BlackElo "2368"]
[PlyCount "130"]
[EventDate "2007.10.28"]
[EventType "team"]
[EventRounds "9"]
[EventCountry "GRE"]
[Source "lmi"]
[SourceDate "2007.10.28"]
[WhiteTeam "Russia"]
[BlackTeam "Ukraine"]
[WhiteTeamCountry "RUS"]
[BlackTeamCountry "UKR"]

1. e4 c5 2. Nf3 a6 3. c4 e6 4. d4 cxd4 5. Nxd4 Nf6 6. Nc3 Qc7 7. a3 b6 8. Be3
Bb7 9. f3 Be7 10. Be2 O-O 11. Rc1 d6 12. O-O Nbd7 13. Qd2 Rac8 14. b4 Rfe8 15.
Rc2 Qb8 16. Kh1 Bd8 17. Na4 Bc7 18. Bg1 Kh8 19. Rb1 Ne5 20. c5 b5 21. c6 Ba8
22. Nb2 Bb6 23. Rbc1 d5 24. exd5 Nxd5 25. Bd3 f6 26. Qe1 Bxd4 27. Bxd4 Nxc6 28.
Qh4 f5 29. Bc5 Nf6 30. Re1 Ne5 31. Bd4 Ned7 32. Rce2 e5 33. Bf2 e4 34. fxe4
Bxe4 35. Bxe4 Rxe4 36. Rxe4 fxe4 37. Nd1 Qe5 38. Ne3 Rc3 39. h3 h6 40. Bg1 Rxa3
41. Bh2 Qh5 42. Qf4 Rd3 43. Qc7 Kh7 44. Qa7 Nd5 45. Ng4 N7f6 46. Nxf6+ Nxf6 47.
Qxa6 Rd1 48. Rg1 e3 49. Qe6 e2 50. Bg3 Rd4 51. Re1 Re4 52. Qb3 Qe8 53. Bd6 Kh8
54. Kg1 Qd7 55. Bc5 Qd2 56. Qb1 Re8 57. Bf2 Nd5 58. Qg6 Rf8 59. Qe4 Nc3 60. Qd4
Qb2 61. Bg3 Rf1+ 62. Rxf1 exf1=Q+ 63. Kxf1 Qb1+ 64. Be1 Qf5+ 65. Qf2 Qd3+
1/2-1/2

[Event "European Team-ch 2007 Femenino"]
[Site "Creta GRE"]
[Date "2007.11.06"]
[Round "9.2"]
[White "Javakhishvili, Lela"]
[Black "Mkrtchian, Lilit"]
[Result "1/2-1/2"]
[WhiteElo "2474"]
[BlackElo "2402"]
[PlyCount "57"]
[EventDate "2007.10.28"]
[EventType "team"]
[EventRounds "9"]
[EventCountry "GRE"]
[Source "lmi"]
[SourceDate "2007.10.28"]
[WhiteTeam "Georgia"]
[BlackTeam "Armenia"]
[WhiteTeamCountry "GEO"]
[BlackTeamCountry "ARM"]

1. d4 d5 2. c4 e6 3. Nc3 Be7 4. Nf3 Nf6 5. Bg5 h6 6. Bh4 O-O 7. e3 b6 8. Bd3
Bb7 9. O-O Nbd7 10. Bg3 Bd6 11. Ne5 dxc4 12. Bxc4 Ne4 13. Nxe4 Bxe4 14. Qg4 Nf6
15. Qe2 c5 16. dxc5 Bxc5 17. Rfd1 Qe7 18. Bh4 g5 19. Bg3 Rad8 20. Bb5 Rxd1+ 21.
Rxd1 Rd8 22. Nc6 Rxd1+ 23. Qxd1 Qe8 24. Be5 Bxc6 25. Bxc6 Qxc6 26. Bxf6 Bf8 27.
h4 gxh4 28. Qg4+ Kh7 29. Qxh4 1/2-1/2

[Event "European Team-ch 2007 Femenino"]
[Site "Creta GRE"]
[Date "2007.11.06"]
[Round "9.2"]
[White "Aginian, Nelly"]
[Black "Khurtsidze, Nino"]
[Result "1-0"]
[WhiteElo "2261"]
[BlackElo "2450"]
[PlyCount "95"]
[EventDate "2007.10.28"]
[EventType "team"]
[EventRounds "9"]
[EventCountry "GRE"]
[Source "lmi"]
[SourceDate "2007.10.28"]
[WhiteTeam "Armenia"]
[BlackTeam "Georgia"]
[WhiteTeamCountry "ARM"]
[BlackTeamCountry "GEO"]

1. e4 c5 2. Nf3 d6 3. d4 cxd4 4. Nxd4 Nf6 5. Nc3 Nc6 6. Bg5 Bd7 7. Qd2 Nxd4 8.
Qxd4 Qa5 9. Bd2 Qc7 10. Bc4 e6 11. O-O-O a6 12. f4 Rc8 13. Bb3 Qc5 14. Be3 Qxd4
15. Bxd4 Bc6 16. Rhe1 Be7 17. Bxf6 gxf6 18. f5 Bd7 19. Ne2 Bf8 20. Kb1 Ke7 21.
Rd3 Rg8 22. Rh3 Rxg2 23. Rxh7 Rg7 24. Rh4 b5 25. a3 Rg5 26. Nf4 a5 27. Rf1 a4
28. Ba2 Bg7 29. Rh7 Rh8 30. Ng6+ fxg6 31. Rxg7+ Kd8 32. fxe6 Be8 33. Rd1 Rxh2
34. Rxd6+ Kc8 35. Bd5 Rg1+ 36. Ka2 Rhh1 37. b3 Rh2 38. Kb2 Rgg2 39. Bb7+ Kb8
40. Rd8+ Ka7 41. Kc3 Rxc2+ 42. Kb4 Kb6 43. Ra8 Rc7 44. Rxc7 Kxc7 45. Rxe8 axb3
46. Kxb3 Kxb7 47. e7 Rh7 48. Rb8+ 1-0

[Event "European Team-ch 2007 Femenino"]
[Site "Creta GRE"]
[Date "2007.11.06"]
[Round "9.2"]
[White "Dzagnidze, Nana"]
[Black "Andriasian, Siranush"]
[Result "1-0"]
[WhiteElo "2416"]
[BlackElo "2234"]
[PlyCount "71"]
[EventDate "2007.10.28"]
[EventType "team"]
[EventRounds "9"]
[EventCountry "GRE"]
[Source "lmi"]
[SourceDate "2007.10.28"]
[WhiteTeam "Georgia"]
[BlackTeam "Armenia"]
[WhiteTeamCountry "GEO"]
[BlackTeamCountry "ARM"]

1. d4 Nf6 2. c4 e6 3. Nf3 c5 4. d5 b5 5. cxb5 exd5 6. e3 Be7 7. a4 a6 8. Nc3
Bb7 9. Be2 O-O 10. O-O axb5 11. Nxb5 Na6 12. b3 Nc7 13. Bb2 Nxb5 14. Bxb5 d6
15. b4 Qb6 16. Qe2 Ne4 17. a5 Qc7 18. Nd2 Nxd2 19. Qxd2 Rfb8 20. Be2 Ba6 21.
Bxa6 Rxa6 22. Qxd5 Rxb4 23. Bc3 Rb8 24. Rfb1 h6 25. h3 Bd8 26. Qe4 Bf6 27. Bxf6
gxf6 28. Rxb8+ Qxb8 29. Rb1 Qc8 30. Qe7 Kg7 31. Rb7 Qf8 32. Qc7 Qe8 33. Rb8 Qe5
34. Qc8 Qa1+ 35. Kh2 Qe5+ 36. f4 1-0

[Event "European Team-ch 2007 Femenino"]
[Site "Creta GRE"]
[Date "2007.11.06"]
[Round "9.3"]
[White "Peptan, Corina-Isabela"]
[Black "Socko, Monika"]
[Result "0-1"]
[WhiteElo "2405"]
[BlackElo "2473"]
[PlyCount "116"]
[EventDate "2007.10.28"]
[EventType "team"]
[EventRounds "9"]
[EventCountry "GRE"]
[Source "lmi"]
[SourceDate "2007.10.28"]
[WhiteTeam "Romania"]
[BlackTeam "Poland"]
[WhiteTeamCountry "ROM"]
[BlackTeamCountry "POL"]

1. e4 e6 2. d4 d5 3. Nd2 c5 4. Ngf3 Nf6 5. exd5 exd5 6. dxc5 Bxc5 7. Nb3 Bb6 8.
Bb5+ Bd7 9. Qe2+ Ne4 10. Be3 O-O 11. Bxd7 Nxd7 12. O-O-O Ndf6 13. Nfd4 a5 14.
a3 Re8 15. Qf3 a4 16. Nd2 Nd6 17. Kb1 Rc8 18. Rc1 Qd7 19. h3 Nfe4 20. Nxe4 Rxe4
21. Rhd1 Rce8 22. Rd3 Nc4 23. Qf5 Qd8 24. Rcd1 g6 25. Qg5 f6 26. Qg3 Bc7 27.
Qf3 Ne5 28. Qe2 Nxd3 29. Qxd3 Bb6 30. Qb5 Bxd4 31. Bxd4 Re1 32. Rxe1 Rxe1+ 33.
Ka2 Qc8 34. Qxa4 Qc4+ 35. Qxc4 dxc4 36. Bxf6 Re2 37. Bd4 Rxc2 38. Kb1 Rd2 39.
Be3 Re2 40. Kc1 Kf7 41. Bd4 Re1+ 42. Kd2 Rg1 43. g3 Ke6 44. h4 Kd5 45. Be3 b5
46. Kc2 Ke4 47. Kc3 Rd1 48. Kc2 Rd3 49. Bc5 Kf3 50. Bb6 Ke2 51. g4 Kf3 52. g5
Kg4 53. Bc7 Kxh4 54. f4 Kh5 55. Be5 h6 56. gxh6 Kxh6 57. Bc3 Rf3 58. Bd2 Kh5
0-1

[Event "European Team-ch 2007 Femenino"]
[Site "Creta GRE"]
[Date "2007.11.06"]
[Round "9.3"]
[White "Rajlich, Iweta"]
[Black "Voicu, Carmen"]
[Result "1/2-1/2"]
[WhiteElo "2411"]
[BlackElo "2333"]
[PlyCount "101"]
[EventDate "2007.10.28"]
[EventType "team"]
[EventRounds "9"]
[EventCountry "GRE"]
[Source "lmi"]
[SourceDate "2007.10.28"]
[WhiteTeam "Poland"]
[BlackTeam "Romania"]
[WhiteTeamCountry "POL"]
[BlackTeamCountry "ROM"]

1. d4 d5 2. c4 e6 3. Nc3 Be7 4. e3 Nf6 5. Nf3 O-O 6. a3 b6 7. b4 Ne4 8. Nxe4
dxe4 9. Nd2 Bb7 10. Be2 Nd7 11. f3 exf3 12. Bxf3 Bxf3 13. Nxf3 c5 14. bxc5 bxc5
15. O-O Bf6 16. Ra2 Qa5 17. Rb2 Qa6 18. Rb5 Rac8 19. Qb3 Rfd8 20. Bb2 cxd4 21.
Bxd4 Qd6 22. Bxa7 Ne5 23. Bb6 Nxf3+ 24. gxf3 Rd7 25. Ba5 h6 26. Bb4 Qc6 27. Rc5
Qb7 28. Rxc8+ Qxc8 29. Qc2 h5 30. c5 Qc6 31. Qe4 Rd5 32. Rc1 h4 33. Kg2 Qb5 34.
Qc4 Qc6 35. Qe4 Qb5 36. Rc4 Rg5+ 37. Kf2 Re5 38. Qc2 Qc6 39. e4 Bg5 40. Qd3 f6
41. Rd4 Bf4 42. Rd6 Qc7 43. Rd7 Qc6 44. Rd8+ Kh7 45. h3 Rxc5 46. Bxc5 Qxc5+ 47.
Kf1 Qc1+ 48. Ke2 Qb2+ 49. Kd1 Qc1+ 50. Ke2 Qb2+ 51. Kd1 1/2-1/2

[Event "European Team-ch 2007 Femenino"]
[Site "Creta GRE"]
[Date "2007.11.06"]
[Round "9.3"]
[White "Motoc, Alina"]
[Black "Zawadzka, Jolanta"]
[Result "1-0"]
[WhiteElo "2300"]
[BlackElo "2371"]
[PlyCount "149"]
[EventDate "2007.10.28"]
[EventType "team"]
[EventRounds "9"]
[EventCountry "GRE"]
[Source "lmi"]
[SourceDate "2007.10.28"]
[WhiteTeam "Romania"]
[BlackTeam "Poland"]
[WhiteTeamCountry "ROM"]
[BlackTeamCountry "POL"]

1. d4 Nf6 2. c4 g6 3. Nc3 Bg7 4. e4 d6 5. h3 Nbd7 6. Bd3 O-O 7. Bg5 c5 8. d5
Ne5 9. f4 Nxd3+ 10. Qxd3 Qa5 11. Nf3 b5 12. cxb5 h6 13. Bxf6 Bxf6 14. e5 Bf5
15. Qc4 Bg7 16. g4 Bd7 17. O-O a6 18. bxa6 Rfb8 19. Qe2 Qxa6 20. Qd2 Rb4 21.
Rae1 Qb6 22. Rf2 Rb8 23. Ree2 Bc8 24. Qe3 Bb7 25. a3 Rd4 26. b4 Rc4 27. Nd2
Rxc3 28. Qxc3 cxb4 29. Qxb4 Qxb4 30. axb4 Bxd5 31. Nf3 Rxb4 32. exd6 exd6 33.
Re8+ Kh7 34. f5 gxf5 35. gxf5 Rf4 36. Kg2 Be5 37. Rb8 Rxf5 38. Rb5 Bd4 39. Rxd5
Rxd5 40. Rd2 Kg6 41. Nxd4 Kf6 42. Rf2+ Kg6 43. Rf4 Ra5 44. Nf3 Rb5 45. Kg3 f6
46. Rd4 d5 47. Nh4+ Kf7 48. Nf5 Ke6 49. Nxh6 Rb3+ 50. Kg2 Rb2+ 51. Kg3 Rb3+ 52.
Kg4 Ke5 53. Rd2 Rb4+ 54. Kg3 Rb3+ 55. Kg2 d4 56. Ng4+ Ke4 57. Nxf6+ Ke3 58. Ra2
d3 59. Ng4+ Kd4 60. Nf2 Kc3 61. Kf3 d2 62. Ke2 Kd4 63. Rxd2+ Ke5 64. Rd3 Rb2+
65. Kf3 Kf5 66. h4 Rb4 67. Kg3 Kg6 68. Nh3 Kh6 69. Rd6+ Kg7 70. h5 Ra4 71. h6+
Kh8 72. Ng5 Ra8 73. Rd7 Kg8 74. Rg7+ Kf8 75. Ne6+ 1-0

[Event "European Team-ch 2007 Femenino"]
[Site "Creta GRE"]
[Date "2007.11.06"]
[Round "9.3"]
[White "Przezdziecka, Marta"]
[Black "Paulet, Iozefina"]
[Result "1/2-1/2"]
[WhiteElo "2259"]
[BlackElo "2276"]
[PlyCount "131"]
[EventDate "2007.10.28"]
[EventType "team"]
[EventRounds "9"]
[EventCountry "GRE"]
[Source "lmi"]
[SourceDate "2007.10.28"]
[WhiteTeam "Poland"]
[BlackTeam "Romania"]
[WhiteTeamCountry "POL"]
[BlackTeamCountry "ROM"]

1. d4 e6 2. Nf3 Nf6 3. Bg5 c5 4. e3 h6 5. Bh4 b6 6. Bd3 cxd4 7. exd4 Bb7 8.
Bxf6 Qxf6 9. Nbd2 Be7 10. Qe2 Qf4 11. c3 Qc7 12. O-O-O d6 13. h4 Nd7 14. Kb1
O-O-O 15. h5 Nf6 16. c4 Kb8 17. Nb3 Rhe8 18. Nfd2 a5 19. f3 a4 20. Na1 e5 21.
d5 e4 22. Nxe4 Nxe4 23. fxe4 Bf6 24. Qf2 Ba6 25. Nc2 Kb7 26. Na3 Qe7 27. Rc1
Rc8 28. Rc2 Qe5 29. g4 Rc5 30. Qf5 Qe7 31. Rf1 Rc7 32. Qf4 Rec8 33. Qe3 Rc5 34.
Rf5 Bg5 35. Qf3 R8c7 36. Qf1 f6 37. Qf3 Qd7 38. Qd1 Qc8 39. b4 axb3 40. axb3
Ra5 41. Ra2 Kb8 42. Qe1 Rac5 43. Nc2 b5 44. Nb4 Bb7 45. Rc2 bxc4 46. Rxc4 Rxc4
47. Bxc4 Qe8 48. Kb2 Kc8 49. Qe2 Kd8 50. Bb5 Qe7 51. Nc6+ Bxc6 52. Bxc6 Ra7 53.
Qb5 Qc7 54. Rf3 Ra5 55. Qb4 Rc5 56. Qa4 Ra5 57. Qb4 Ke7 58. Qb7 Qxb7 59. Bxb7
Rb5 60. Ba6 Rb4 61. Bc4 Kd7 62. Rf1 Kc7 63. Kc2 Be3 64. Kd3 Bg5 65. Ra1 Bf4 66.
Ra7+ 1/2-1/2

[Event "European Team-ch 2007 Femenino"]
[Site "Creta GRE"]
[Date "2007.11.06"]
[Round "9.4"]
[White "Muzychuk, Anna"]
[Black "Paehtz, Elisabeth"]
[Result "1-0"]
[WhiteElo "2469"]
[BlackElo "2452"]
[PlyCount "49"]
[EventDate "2007.10.28"]
[EventType "team"]
[EventRounds "9"]
[EventCountry "GRE"]
[Source "lmi"]
[SourceDate "2007.10.28"]
[WhiteTeam "Slovenija"]
[BlackTeam "Germany"]
[WhiteTeamCountry "SLO"]
[BlackTeamCountry "GER"]

1. e4 c5 2. Nf3 d6 3. d4 cxd4 4. Nxd4 Nf6 5. Nc3 a6 6. Be3 e6 7. g4 h5 8. g5
Ng4 9. Bc1 Nc6 10. Nxc6 bxc6 11. f4 Qb6 12. Qd2 d5 13. h3 Nf6 14. gxf6 gxf6 15.
Na4 Qc7 16. c4 dxe4 17. c5 Bb7 18. Qb4 f5 19. Be3 Rd8 20. Rg1 Bh6 21. Rd1 Ke7
22. Rd6 Rhg8 23. Rxg8 Rxg8 24. Nb6 Rg3 25. Bf2 1-0

[Event "European Team-ch 2007 Femenino"]
[Site "Creta GRE"]
[Date "2007.11.06"]
[Round "9.4"]
[White "Kachiani-G, Ketino"]
[Black "Krivec, Jana"]
[Result "1-0"]
[WhiteElo "2404"]
[BlackElo "2315"]
[PlyCount "107"]
[EventDate "2007.10.28"]
[EventType "team"]
[EventRounds "9"]
[EventCountry "GRE"]
[Source "lmi"]
[SourceDate "2007.10.28"]
[WhiteTeam "Germany"]
[BlackTeam "Slovenija"]
[WhiteTeamCountry "GER"]
[BlackTeamCountry "SLO"]

1. c4 e5 2. g3 Nf6 3. Bg2 d5 4. cxd5 Nxd5 5. Nf3 Nc6 6. O-O Be7 7. d4 exd4 8.
Nxd4 Nxd4 9. Qxd4 Nf6 10. Qa4+ c6 11. Nc3 O-O 12. Bf4 Be6 13. Rad1 Qb6 14. Qc2
Rfd8 15. e4 Rxd1 16. Rxd1 Rd8 17. Rxd8+ Qxd8 18. h3 Nd7 19. Nd5 Bg5 20. Bc7 Qc8
21. Bd6 Nb6 22. Nxb6 axb6 23. f4 Bd8 24. f5 Bd7 25. g4 Bc7 26. Qd2 f6 27. Qf4
Bxd6 28. Qxd6 Be8 29. h4 h6 30. Kf2 Qd7 31. Qxd7 Bxd7 32. Ke3 Kf7 33. Kf4 g5+
34. fxg6+ Kxg6 35. Bf3 Be6 36. a3 Kf7 37. e5 fxe5+ 38. Kxe5 Ke7 39. g5 hxg5 40.
hxg5 b5 41. Be4 Bb3 42. g6 Bg8 43. Bf5 Bb3 44. Bg4 Bc2 45. Bf5 Bb3 46. Bc8 Bc2
47. g7 Kf7 48. Kd6 b4 49. axb4 b5 50. Kxc6 Kxg7 51. Kxb5 Kf7 52. Kc6 Ke7 53.
Kc7 Bd3 54. Bd7 1-0

[Event "European Team-ch 2007 Femenino"]
[Site "Creta GRE"]
[Date "2007.11.06"]
[Round "9.4"]
[White "Srebrnic, Ana"]
[Black "Michna, Marta"]
[Result "1-0"]
[WhiteElo "2278"]
[BlackElo "2375"]
[PlyCount "223"]
[EventDate "2007.10.28"]
[EventType "team"]
[EventRounds "9"]
[EventCountry "GRE"]
[Source "lmi"]
[SourceDate "2007.10.28"]
[WhiteTeam "Slovenija"]
[BlackTeam "Germany"]
[WhiteTeamCountry "SLO"]
[BlackTeamCountry "GER"]

1. Nf3 d6 2. d4 g6 3. c4 Bg7 4. e4 Nd7 5. Nc3 e5 6. Be2 c6 7. O-O Nh6 8. dxe5
dxe5 9. b3 O-O 10. Ba3 Re8 11. Qc1 f6 12. Rd1 Nf7 13. Qc2 Qc7 14. c5 Nf8 15. b4
Kh8 16. Nd2 Ne6 17. Nb3 f5 18. exf5 gxf5 19. Bb2 Nf4 20. Bc4 Be6 21. Bxe6 Rxe6
22. Ne2 Nxe2+ 23. Qxe2 Ng5 24. Qh5 Rg6 25. Rd6 Qf7 26. Rxg6 Qxg6 27. Qxg6 hxg6
28. Rd1 Nf7 29. f3 b6 30. Rd7 Kg8 31. Rc7 bxc5 32. bxc5 a5 33. Rxc6 a4 34. Nd2
Nd8 35. Rxg6 Kf7 36. Rb6 Rc8 37. Ba3 e4 38. fxe4 Bd4+ 39. Kf1 Bxc5 40. Bxc5
Rxc5 41. exf5 Rc2 42. Ke2 Rxa2 43. g4 Ra1 44. Nf3 a3 45. Ra6 a2 46. Ke3 Nc6 47.
Rxc6 Re1+ 48. Nxe1 a1=Q 49. Nf3 Qa3+ 50. Kf4 Qb4+ 51. Kg5 Qe4 52. Rc7+ Ke8 53.
Nh4 Qe5 54. Rh7 Qe3+ 55. Kg6 Qe4 56. h3 Kf8 57. Rf7+ Kg8 58. Rf6 Qe7 59. Re6
Qd7 60. Kh5 Qd3 61. g5 Qd1+ 62. Kh6 Qd7 63. Kh5 Qd1+ 64. Kh6 Qd7 65. g6 Qd2+
66. Kh5 Qd1+ 67. Kg5 Qd2+ 68. Kg4 Qd4+ 69. Kg3 Qd3+ 70. Kf4 Qd2+ 71. Re3 Qh2+
72. Kg4 Qg1+ 73. Rg3 Qd4+ 74. Kh5 Qd1+ 75. Rg4 Qf1 76. Rg3 Kg7 77. Rf3 Qb5 78.
Kg5 Qe5 79. Rf4 Qf6+ 80. Kg4 Kh6 81. Nf3 Qb2 82. Kg3 Qf6 83. h4 Kg7 84. Kg4 Qb2
85. Kg3 Qf6 86. Nd4 Kh6 87. Kf3 Qa6 88. Ke4 Qa8+ 89. Ke3 Qa3+ 90. Kf2 Qb2+ 91.
Ne2 Qb6+ 92. Kf3 Qb3+ 93. Kg2 Qe3 94. Kf1 Qh3+ 95. Kf2 Qh2+ 96. Ke3 Qh3+ 97.
Kd2 Qb3 98. f6 Qb2+ 99. Ke1 Qa1+ 100. Kf2 Qa7+ 101. Kg2 Qa8+ 102. Kh2 Qe8 103.
Ng3 Qe1 104. Rf5 Qd2+ 105. Kh3 Qd8 106. f7 Qf8 107. h5 Kg7 108. Kg4 Kh8 109.
Ne4 Kg7 110. Nd6 Kh8 111. Re5 Kg7 112. Re8 1-0

[Event "European Team-ch 2007 Femenino"]
[Site "Creta GRE"]
[Date "2007.11.06"]
[Round "9.4"]
[White "Ohme, Melanie"]
[Black "Rozic, Vesna"]
[Result "1/2-1/2"]
[WhiteElo "2274"]
[BlackElo "2277"]
[PlyCount "101"]
[EventDate "2007.10.28"]
[EventType "team"]
[EventRounds "9"]
[EventCountry "GRE"]
[Source "lmi"]
[SourceDate "2007.10.28"]
[WhiteTeam "Germany"]
[BlackTeam "Slovenija"]
[WhiteTeamCountry "GER"]
[BlackTeamCountry "SLO"]

1. e4 e6 2. d4 d5 3. Nc3 Nf6 4. e5 Nfd7 5. f4 c5 6. Nf3 Nc6 7. Be3 Be7 8. Qd2
O-O 9. dxc5 Bxc5 10. Bxc5 Nxc5 11. O-O-O Qa5 12. Kb1 Bd7 13. h4 Rfd8 14. Rh3
Be8 15. Nd4 Nxd4 16. Qxd4 Ne4 17. Be2 Bc6 18. g4 Qc5 19. Nxe4 Qxd4 20. Nf6+
gxf6 21. Rxd4 Kg7 22. g5 f5 23. c3 Rac8 24. Kc2 Rd7 25. h5 Rdc7 26. h6+ Kf8 27.
b3 Be8 28. Kb2 Ke7 29. Rd2 Rc5 30. c4 dxc4 31. Bxc4 Rd8 32. Rxd8 Kxd8 33. Rd3+
Ke7 34. Rd6 Bd7 35. Be2 Rc6 36. Rxc6 Bxc6 37. Kc3 Kd8 38. Kb4 b6 39. Bh5 Be8
40. Bf3 Kc7 41. Be2 Bc6 42. Bc4 Bd7 43. a4 Kb7 44. a5 Kc7 45. axb6+ axb6 46.
Bb5 Bc6 47. Bc4 Bd7 48. Kc3 Kb7 49. Kd4 Kc7 50. Ba6 Bc6 51. Bc4 1/2-1/2

[Event "European Team-ch 2007 Femenino"]
[Site "Creta GRE"]
[Date "2007.11.06"]
[Round "9.5"]
[White "Hoang, Thanh Trang"]
[Black "Peng, Zhaoqin"]
[Result "1-0"]
[WhiteElo "2466"]
[BlackElo "2419"]
[PlyCount "141"]
[EventDate "2007.10.28"]
[EventType "team"]
[EventRounds "9"]
[EventCountry "GRE"]
[Source "lmi"]
[SourceDate "2007.10.28"]
[WhiteTeam "Hungary"]
[BlackTeam "Netherlands"]
[WhiteTeamCountry "HUN"]
[BlackTeamCountry "NED"]

1. d4 d5 2. c4 dxc4 3. e3 Nf6 4. Bxc4 a6 5. Nf3 b5 6. Be2 Bb7 7. O-O e6 8. a4
b4 9. b3 Nbd7 10. Bb2 c5 11. Nbd2 Be7 12. Rc1 Rc8 13. Nc4 O-O 14. Nfe5 cxd4 15.
Bxd4 Nxe5 16. Bxe5 Nd5 17. Bf3 Bf6 18. Qd4 Bxe5 19. Qxe5 Rc7 20. Nd6 Rxc1 21.
Rxc1 Qb8 22. Nc4 Nc3 23. Qxb8 Rxb8 24. Kf1 Bxf3 25. gxf3 g5 26. Ne5 Kg7 27. Nc6
Rb6 28. Nd4 Rd6 29. Ne2 Nxe2 30. Kxe2 Rd5 31. Rc6 a5 32. e4 Rd7 33. Rc5 Ra7 34.
Rxg5+ Kf6 35. Rc5 e5 36. Ke3 Rd7 37. Rxa5 Rc7 38. Rd5 Rc3+ 39. Rd3 Rc2 40. h4
h5 41. f4 exf4+ 42. Kf3 Ke6 43. Rd5 Rb2 44. Rxh5 Rxb3+ 45. Kxf4 Ra3 46. a5 Kf6
47. Rb5 b3 48. f3 Kg6 49. Kg4 b2 50. Rxb2 Rxa5 51. Rb6+ Kg7 52. f4 Ra1 53. h5
Rg1+ 54. Kf5 Rh1 55. h6+ Kh7 56. Rb7 Kg8 57. Rb8+ Kh7 58. Rf8 Rh5+ 59. Kg4 Rxh6
60. Rxf7+ Kg6 61. Rb7 Rh1 62. Rb6+ Kg7 63. e5 Kf7 64. Kg5 Rh2 65. Rh6 Ra2 66.
Kf5 Kg7 67. Rd6 Rh2 68. Rd7+ Kf8 69. Kg6 Rg2+ 70. Kf6 Rh2 71. Rd8# 1-0